Game of Thrones - All Westeros Settlements - Statistics

General Stats
  • This quiz has been taken 378 times
  • The average score is 25 of 117
Answer Stats
The Crownlands % Correct
Winterfell
93%
King's Landing
90%
Highgarden
82%
Casterly Rock
79%
Riverrun
79%
Storm's End
77%
Sunspear
74%
Oldtown
69%
The Eyrie
69%
Lannisport
68%
Harrenhal
66%
Dragonstone
65%
The Dreadfort
64%
The Twins
61%
Castle Black
57%
White Harbor
54%
Last Hearth
46%
Karhold
43%
Deepwood Motte
42%
Duskendale
38%
Horn Hill
38%
Moat Cailin
38%
Eastwatch-by-the-Sea
36%
Maidenpool
36%
Starfall
36%
Gulltown
32%
Rosby
31%
The Crag
31%
The Tor
30%
The Shadow Tower
28%
Torrhen's Square
25%
Ashford
24%
Golden Tooth
23%
Greywater Watch
23%
Yronwood
23%
Bitterbridge
22%
Runestone
22%
Crakehall
21%
Bloody Gate
20%
Seagard
20%
Barrowton
19%
Evenfall Hall
18%
Rook's Rest
18%
Hellholt
17%
Blackhaven
15%
Brightwater Keep
15%
Cider Hall
15%
Griffin's Roost
15%
Three Towers
14%
Ashemark
13%
Honeyholt
13%
Nightsong
13%
Pinkmaiden
13%
Redfort
13%
Saltpans
12%
Sandstone
12%
Deep Den
11%
Flint's Finger
11%
Heart's Home
11%
Old Oak
11%
Tumbleton
11%
Acorn Hall
10%
Blackmont
10%
Godsgrace
10%
Golden Grove
10%
Longtable
10%
Tower of Joy
10%
Banefort
9%
Bronzegate
9%
Faircastle
9%
Fairmarket
9%
Greenstone
9%
High Hermitage
9%
Kingsgrave
9%
Lemonwood
9%
Stonedance
9%
Stonehelm
9%
Stoney Sept
9%
Wyl
9%
Antlers
8%
Cornfield
8%
Grassy Vale
8%
Sisterton
8%
Vaith
8%
Inn
7%
Lord Harroway's Town
7%
Oldcastle
7%
Rain House
7%
Salt Shore
7%
Strongsong
7%
Vulture's Roost
7%
Coldwater
6%
Kayce
6%
Longbow Hall
6%
Skyreach
6%
Blackcrown
5%
Feastfires
5%
Ghost Hill
5%
Haystack Hall
5%
Hornvale
5%
Ironoaks
5%
Ramsgate
5%
Red Lake
5%
Sarsfield
5%
Snakewood
5%
Bandallon
4%
Crow's Nest
4%
Felwood
4%
Massey's Hook
4%
Old Anchor
4%
Sunhouse
4%
Uplands
4%
Wickenden
4%
Ghaston Grey
3%
Quiet Isle
3%
Silverhall
2%
Weeping Tower
2%
No matching quizzes found
Score Distribution
Percent of People with Each Score
Percentile by Number Answered
Your Score History
You have not taken this quiz